Normal view
MARC view
- Ritzman, Larry P ,Krajewski, Lee J
Entry Personal Name
001 - CONTROL NUMBER
- control field: 56295
003 - CONTROL NUMBER IDENTIFIER
- control field: NUST
005 - DATE AND TIME OF LATEST TRANSACTION
- control field: 20210628201655.0
008 - FIXED-LENGTH DATA ELEMENTS
- fixed length control field: 210628|| aca||aabn | a|a d
040 ## - CATALOGING SOURCE
- Original cataloging agency: NUST
- Transcribing agency: NUST
100 ## - HEADING--PERSONAL NAME
- Personal name: Ritzman, Larry P ,Krajewski, Lee J
670 ## - SOURCE DATA FOUND
- Source citation: Work cat.: (NUST): Ritzman, Larry P ,Krajewski, Lee J, Operations management ,strategy and analysis, 2003
